000 00564nam a2200205Ia 4500
999 _c35539
_d35539
001 1400
003 GE_BSU
005 20221115111738.0
008 181216s1996||||enk|||||||||||||| ||eng||
020 _a0387946144x
040 _cGE_BSU
080 _a517 B-87
100 _aBrowder, Andrew.
_915810
245 _aMathematical Analysis :
_bAn introduction /
_cAndrew Browder.
264 _aSan Francisco,
_c1996.
300 _a335 p.
653 _aMathematical Analysis.
653 _aმათემატიკური ანალიზი
942 _cBK
_2udc